[Event "Bonn GSK"]
[Site "Bonn"]
[Date "1995.??.??"]
[Round "4"]
[White "Glek, Igor Vladimirovich"]
[Black "Kveinys, Aloyzas"]
[Result "1-0"]
[WhiteElo "2590"]
[BlackElo "2525"]
[Annotator "Ernst,T"]
[PlyCount "83"]
[EventDate "1995.??.??"]
[EventType "tourn"]
[EventRounds "11"]
[EventCountry "GER"]
[EventCategory "8"]
[SourceTitle "CBM 045"]
[Source "ChessBase"]
[SourceDate "1995.04.01"]
[SourceVersion "1"]
[SourceVersionDate "1995.04.01"]
[SourceQuality "1"]

1. e4 {VonGleich} c5 2. Nf3 d6 3. d4 cxd4 4. Nxd4 Nf6 5. Nc3 g6 6. Be3 Bg7 7.
f3 O-O 8. Qd2 Nc6 9. Bc4 Bd7 10. h4 Rc8 11. Bb3 h5 12. O-O-O Ne5 13. Kb1 Nc4
14. Bxc4 Rxc4 15. Nde2 b5 $6 (15... Be6 $142) 16. Bh6 $1 b4 17. Bxg7 Kxg7 (
17... bxc3 $4 18. Qh6 $18) 18. Nd5 Nxd5 19. exd5 Qb6 $146 (19... Qa5 20. b3 $1
(20. Rhe1 Bf5 21. Nd4 Qxd5 22. Rxe7 Rfc8 23. Rxa7 Qc5 24. Nxf5+ Qxf5 25. Rc1
Qc5 $44 {Gruchaz,R-Miles,A/USA/1980 0-1()/ Inf 30/422}) (20. g4 Rh8 21. b3 Rc7
22. Qd4+ Kg8 23. Qe4 Qc5 24. Nd4 Kg7 25. Rh2 Bc8 26. Nc6 a5 27. Qd4+ Qxd4 28.
Rxd4 e5 29. Rc4 Ba6 30. Re4 Bb7 $15 {Rachels,S-Kudrin,S/Dayton/1991 0-1 (53)})
20... Rc5 (20... Rc7 $5) 21. g4 $1 Rfc8 (21... Rh8 $5) 22. Qd4+ Kg8 23. Rd2 $16
{Wolff,P-Georgiev,Ki/Biel izt/1993/1/2-1/2/48/}) 20. b3 Rc7 21. g4 Rfc8 (21...
Rh8 22. gxh5 Rxh5 23. Ng3 $16) 22. Nd4 Rc5 23. gxh5 $1 $16 Rxd5 24. hxg6 e5 25.
gxf7 (25. Nf5+ {Von Gleich} Bxf5 26. Qxd5 Bxc2+ (26... fxg6) 27. Ka1 fxg6 28.
Qxd6 Bxd1 29. Qxe5+ Qf6 30. Qxf6+ Kxf6 31. Rxd1 Rc3) 25... Rxd4 (25... exd4 26.
Rhg1+ Kh7 27. Qf4 Rf5 28. Qg3 $18) 26. Rdg1+ Kxf7 27. Qh6 Rf8 (27... Ke7 {
Von Gleich} 28. Rg7+ Kd8 29. Qf6+ Kc7 30. h5 Qc6) 28. Rg7+ Ke8 29. Rxd7 Kxd7
30. Qxf8 Rf4 31. Qg7+ Kc6 32. h5 Qe3 33. Qg8 Qxf3 34. Qa8+ Kd7 $2 (34... Kb6
35. Qb8+ Kc6 36. Rc1 Qxh5 37. Qxa7 (37. c3 $2 Qf5+ 38. Ka1 Rf1 $1) 37... Rd4
$16) 35. Qxa7+ $18 Ke6 36. Qg1 Rg4 37. Qc1 Rg2 38. h6 Rg8 39. h7 Rh8 40. Rh6+
Kf7 41. Rxd6 Qf5 42. Qg1 1-0

[Event "Budapest Honved"]
[Site "Budapest"]
[Date "1991.??.??"]
[Round "?"]
[White "Stefansson, Hannes"]
[Black "Farago, Sandor"]
[Result "1-0"]
[WhiteElo "2470"]
[BlackElo "2395"]
[Annotator "Ernst,T"]
[PlyCount "85"]
[EventDate "1991.??.??"]
[EventType "tourn"]
[EventRounds "11"]
[EventCountry "HUN"]
[EventCategory "9"]
[SourceTitle "CBM 027"]
[Source "ChessBase"]
[SourceDate "1992.04.01"]
[SourceVersion "1"]
[SourceVersionDate "1992.04.01"]
[SourceQuality "1"]

1. e4 {Boensch} c5 2. Nf3 d6 3. d4 cxd4 4. Nxd4 Nf6 5. Nc3 g6 6. Be3 Bg7 7. f3
Nc6 8. Qd2 O-O 9. Bc4 Bd7 10. O-O-O Ne5 11. Bb3 Rc8 12. h4 h5 13. Bg5 Rc5 (
13... Nc4 14. Qe2 Na5 15. Kb1 a6 {Mit der Drohung, den Springer d4 zu fangen.}
16. g4 e5 17. gxh5 $1 exd4 18. Nd5 Nxb3 19. h6 $1 Bb5 20. Qh2 d3 21. cxb3 $18 {
Nunn - Mestel, London 1986.}) 14. Kb1 b5 15. g4 a5 (15... hxg4 16. h5 Rxc3 17.
bxc3 Nxf3 $1 18. Nxf3 Nxe4 19. Qh2 Nxc3+ 20. Kc1 Qa5 21. hxg6 Nxa2+ 22. Bxa2
Qa3+ 23. Kd2 Qc3+ 24. Kc1 Qa3+ $10 {Lanka - Smirin, URS 1989.}) 16. Bxf6 (16.
gxh5 a4 (16... Nxh5 {Boensch} 17. Nd5 Re8 18. a3 Nc4 19. Qd3 Be6 20. c3 Bxd5
21. exd5 Qc8 22. Nc6 Nxa3+ $17 {Short,N-Georgiev,Kir Novi Sad (ol) 1990}) 17.
h6 Bh8 18. Bd5 Kh7 $1 $15 {Ulibin - Savchenko, Simferopol 1988. Weiss kommt
mit seinem Angriff nicht weiter.}) 16... Bxf6 17. gxh5 a4 18. Bd5 e6 19. hxg6
exd5 20. h5 Bg5 (20... Rxc3 {Boensch} 21. bxc3 Bg5 $13) 21. f4 $1 {Eine
Empfehlung von Nunn in "Beating the Sicilian 2".} (21. Qg2 Rxc3 22. bxc3 Nc4
23. Rdg1 Qa5 $1 24. Qxg5 Qxc3 25. gxf7+ Kxf7 26. Qxd5+ Ke8 27. Qa8+ $10 {
Wiech - Nizynski, Polen 1987.}) 21... Bh6 22. Nxd5 Nc4 23. Qg2 Rxd5 24. gxf7+
Kh8 25. Qg6 Rxf7 (25... Bxf4 26. exd5 (26. Rdg1 $18 {Boensch}) 26... Qe7 27.
Ne6 $18) 26. Qxf7 Rc5 27. Rdg1 Qe8 28. Qf6+ Kh7 29. Qg6+ Qxg6 30. hxg6+ Kg7 31.
Rxh6 Kxh6 32. g7 Rc8 33. g8=Q Rxg8 34. Rxg8 $18 Nd2+ 35. Kc1 Nxe4 36. f5 Kh7
37. Rd8 Nf6 38. Ne6 Be8 39. Rxd6 Ne4 40. Rd4 Nf6 41. Nc7 Bd7 42. Rd6 Kg7 43.
Nd5 1-0

[Event "World Cup"]
[Site "Khanty-Mansiysk"]
[Date "2009.11.21"]
[Round "1.1"]
[White "Areshchenko, Alexander"]
[Black "Corrales Jimenez, Fidel"]
[Result "1-0"]
[WhiteElo "2664"]
[BlackElo "2605"]
[Annotator "Ftacnik,L"]
[PlyCount "75"]
[EventDate "2009.11.21"]
[EventType "k.o."]
[EventRounds "7"]
[EventCountry "RUS"]
[SourceTitle "CBM 134"]
[Source "ChessBase"]
[SourceDate "2010.01.18"]
[SourceVersion "1"]
[SourceVersionDate "2010.01.18"]
[SourceQuality "1"]

1. e4 {Reeh} c5 2. Nf3 d6 3. d4 cxd4 4. Nxd4 Nf6 5. Nc3 g6 6. Be3 Bg7 7. f3 O-O
8. Qd2 Nc6 9. Bc4 Bd7 10. h4 Ne5 11. Bb3 h5 12. O-O-O Rc8 13. Bg5 Rc5 14. Kb1
b5 15. g4 a5 16. gxh5 Nxh5 17. Nd5 Re8 18. Nf4 {This extremely sharp version
of the Dragon variation in the Sicilian Defence remains an enigma even for the
greatest experts. In complicated variations players are only gradually
uncovering the objective truth.} a4 (18... Nxf4 {The exchange of the knights
on f4 is luring the white queen closer to the sector, where her army is trying
to attack the black king. Praxis and analyses have proven that the first
player has the better chances.} 19. Qxf4 Nc4 (19... a4 20. Bd5 Qc8 21. h5 gxh5
22. Bh6 Rxd5 23. Bxg7 Rxd4 24. Bxe5 $18 {Rodriguez Lopez,R-Raineri,P/Vendrell
op 1996}) 20. Qg3 (20. h5 f6 21. Bxf6 $5 {The sacrifice of the bishop opens
the kingside dangerously.} (21. hxg6 Rxg5 22. Qh4 Kf8 (22... a4 $1) 23. f4 Rg4
24. Qh5 Qa8 $1 $19 {0-1 Kulaots,K (2415)-Rogozenco,D (2490)/Chemnitz 1997 (30)}
) (21. Bh6 $2 g5 $19) 21... exf6 (21... Bxf6 $2 22. hxg6 $18) 22. hxg6 (22.
Qxd6 Qe7 23. Qxe7 Rxe7 24. hxg6 a4 25. Bxc4+ bxc4 26. Rh4 c3 27. bxc3 Re8 $15 {
1/2-1/2 Lanin,B-Miller,J/IECG Email 2000/ (35)}) 22... Qe7 23. Rh7 f5 $15 {
Black seems to be keeping somewhat better prospects.}) (20. Bxc4 bxc4 21. c3 f6
22. Qg3 fxg5 23. hxg5 Qb6 24. f4 Rb8 {0-1 Kulaots,K (2405)-Macieja,B (2460)/
Lyngby 1996 (30)}) 20... a4 (20... Qb6 21. h5 $1 (21. Bxc4 bxc4 22. c3 e5 23.
Nf5 Bxf5 24. exf5 d5 25. Be3 $2 (25. h5 Rb5 26. Rh2 d4 27. hxg6 fxg6 28. Qh4
Rb8 29. Bc1 Qf6 $14) 25... d4 26. fxg6 fxg6 27. cxd4 c3 28. Rh2 exd4 $19 {
1-0 Rodriguez Lopez,R (2435)-Marin,M (2515)/Barcelona 1993 (34)}) 21... a4 22.
Bxc4 bxc4 23. hxg6 Rxg5 (23... fxg6 24. Bc1 $1 $16) 24. Qxg5 Rb8 25. b3 (25.
gxf7+ Kxf7 26. b3 cxb3 27. cxb3 (27. axb3 axb3 28. Nxb3 $16) 27... axb3 28.
Nxb3 Qf2 29. Qd2 Qc5 {0-1 Kiss,G-Farago,S/Budapest FS04 IM 1997/ (33)} 30. Rdg1
$16) 25... axb3 26. cxb3 cxb3 27. a4 $18) 21. Bxc4 bxc4 (21... Rxc4 22. Qg1 $5)
22. h5 (22. c3 $2 a3 $17 {1/2-1/2 Erdogdu,M (2440)-Cifka,S (2439)/Pardubice
2008 (41)} 23. Bc1 Qa5 24. Rh2 Ra8 25. f4 axb2 26. Rxb2 Rc7 27. Rdd2 Bxd4 28.
Rxd4 Rb7 $19 {1/2-1/2 Erdogdu,M (2440)-Cifka,S (2439)/Pardubice 2008 (41)})
22... Qa5 23. Bd2 $1 $146 (23. Rhg1 Rb8 24. hxg6 f6 25. Bc1 c3 26. b3 $2 (26.
Rd3 Rh5 27. Qe1 cxb2 28. Bd2 $11) 26... axb3 27. cxb3 c2+ 28. Nxc2 Rxc2 29.
Kxc2 Qxa2+ {0-1 Dragicevic,D (2302)-Polzin,R (2520)/Pardubice 2008/ (37)})
23... c3 $8 (23... Qb6 24. hxg6 $18) 24. Bxc3 Rxc3 $8 25. hxg6 Qe5 (25... Rc5
26. e5 $1 (26. Rh7 $2 Rg5 $19) (26. gxf7+ Kxf7 27. e5 Rg8) 26... Rxc2 (26... f5
27. Rh7 Rxe5 28. Qh4 Qd5 (28... Rb8 29. Rh8+ Bxh8 30. Qh7+ Kf8 31. Qf7#) 29.
Rg1 $1 (29. Rxg7+ Kxg7 30. Qh7+ Kf6 31. Qh4+ Kg7 $11) 29... Rb8 (29... Re3 30.
Rh8+ Bxh8 31. Qh7+ Kf8 32. g7+ $18) 30. Rh8+ Bxh8 31. Qh7+ Kf8 32. Qxh8+ Qg8
33. g7+ Kf7 34. Qh5+ Kf6 35. Qg6#) (26... Rxe5 27. gxf7+ Kxf7 28. f4 Rf5 (28...
Rh5 29. Rdg1 Rg8 30. Qg6+ $18) (28... Rd5 29. Rdg1 Rg8 30. Qg6+ Kf8 31. Rh8 $1
$18) 29. Rh7 ({After} 29. Rdg1 Rg8 30. Rh7 (30. Qg6+ Kf8 31. Rh8 Rf7 $1) 30...
Rf6 31. Rxg7+ Rxg7 32. Qxg7+ Ke8 33. Rh1 $16) 29... Rg8 30. Rg1 Rf6 31. Rxg7+
Rxg7 32. Qxg7+ Ke8 33. Qg8+ (33. Rh1 Rf8 34. a3 $16) 33... Rf8 34. Qg6+ Kd8 35.
Qe4 $16) 27. gxf7+ Kxf7 28. Qf4+ Kg8 29. Nxc2 Qxe5 30. Qxe5 Bxe5 31. Rh5 $16) (
25... f5 $2 26. Rh7 $1 {The ideas connected with the sacrifice of the rook on
the h8-square will decide the game in favour of White's attack.} Rb8 (26... Qe5
27. Qh4 Qf6 (27... Re3 28. Rh8+ $18) 28. Qxf6 exf6 29. bxc3 fxe4 30. fxe4 Rxe4
31. Rdh1 $18) (26... fxe4 27. Qh2 Qd5 (27... Qe5 28. Rh8+) 28. Rh1 $18) 27. Qh4
Rxb2+ (27... Qe5 28. Rh8+ Bxh8 29. Qh7+ Kf8 30. Qf7#) 28. Kxb2 Qb4+ 29. Ka1
Bxd4 30. Rh8+ $1 Kg7 31. Rg8+ {1-0 Motylev,A (2710)-Feller,S (2570)/Ohrid 2009/
}) 26. Qxe5 dxe5 27. bxc3 exd4 28. gxf7+ Kxf7 29. cxd4 a3 (29... Rb8+ 30. Kc1
a3 31. c3 Be6 32. Rd2 Rc8 33. Rc2 Bd7 34. Kd2 $16) (29... Rc8 $5) 30. Rd3 Rc8
31. Rh5 $14 {White should be better with his massive pawn centre, but the two
bishops still have lot of life in them.}) (18... Nc4 $6 19. Bxc4 Rxc4 20. Nxh5
Rxd4 21. Qg2 Rxd1+ 22. Rxd1 Qc7 (22... Bf8 23. Nf4 Bg7 24. Nd5 $16) 23. Nxg7
Kxg7 24. h5 $16 {1-0 Smirnov,P (2609)-Konguvel,P (2366)/Chennai 2004 (32)}) 19.
Bd5 {White is most probably forced to play towards the centre, otherwise his
opponent can eliminate the bishop on b3.} (19. Nxh5 axb3 (19... gxh5 20. Bd5
Rxd5 (20... Kh7 21. Rhg1 $16) 21. exd5 Nc4 22. Qe2 (22. Qe1 Qb6 23. Rg1 Kh8 24.
Be3 $16) 22... Qa5 23. Rhg1 Kh8 (23... a3 $2 24. Bh6 $18) 24. Bc1 a3 25. Nb3 (
25. Rxg7 axb2 26. Bxb2 Ra8 27. a3 Nxa3+ 28. Kc1 Nc4 29. Nb3 Qa2 30. Bd4 Qa3+
31. Kb1 Qa2+ $11) 25... axb2 26. Bxb2 (26. Nxa5 $4 Na3#) 26... Na3+ (26... Bxb2
$4 27. Nxa5) 27. Kc1 (27. Bxa3 Qxa3 28. Rxg7 Kxg7 29. Rg1+ Kf8 30. Qd2 e5 31.
Qh6+ Ke7 32. Rg7 $16) 27... Bxb2+ 28. Kxb2 Qb4 (28... Nc4+ 29. Qxc4 $18) 29.
Qe1 Nc4+ 30. Ka1 Qa3 31. Qc3+ f6 32. Rd3 Ra8 (32... Bf5 33. Nd4 (33. Rdd1 $2
Ra8 $19) 33... Bxd3 34. Qxa3 Nxa3 35. cxd3 $16) 33. Nc1 Qc5 (33... Bf5 $1 34.
Qxa3 Nxa3 35. Rc3 Nxc2+ 36. Kb2 Nb4 37. Rd1 $16) 34. Re1 $18 {1-0 McShane,L 
(2455)-Dunnington,A (2420)/London 1997/ (37)}) 20. Nxg7 (20. Nxb3 Nc4 21. Qg2
Bxb2 $1 (21... Rxg5 22. hxg5 gxh5 23. Rdg1 $11) 22. Nxc5 dxc5 $17) 20... Nxf3 (
20... bxa2+ 21. Ka1 Kxg7 22. h5 $40) 21. Qf2 (21. Nxf3 bxc2+ 22. Ka1 cxd1=Q+
23. Qxd1 (23. Rxd1 Kxg7 $19) 23... Kxg7 24. h5 Bg4 25. hxg6 Rh8 $19) 21...
bxa2+ 22. Ka1 Nxd4 (22... Kxg7 23. Qxf3 $18) 23. Qxd4 (23. Nxe8 $4 Nxc2+ $19)
23... Rc4 $14 {White is slightly better, but the position remains a fighting
one.}) 19... Nc4 20. Bxc4 bxc4 {Recapturing with the pawn is opening the
b-file for the counter attack against white king. There are truly chances
opening up.} (20... Rxc4 $6 21. Nf5 $1 Nxf4 (21... Bxf5 22. Nxh5 gxh5 23. exf5
Qc8 24. Rdg1 Kh7 (24... Kh8 25. f6 $18) 25. Qd3 Kh8 26. Be3 Bf6 27. Rg5 $16)
22. Nxg7 Kxg7 23. Bxf4 $16) 21. Nxh5 c3 (21... gxh5 22. Rdg1 Kh7 23. Be3 a3 24.
Qc3 (24. Ne6 Bxe6 25. Bxc5 dxc5 26. Rxg7+ Kxg7 27. Qg5+ Kf8 28. Qh6+ Kg8 29.
Rg1+ Bg4 30. Qg5+ Kf8 31. fxg4 Qd4 32. Qh6+ Kg8 33. Qg5+ $11) 24... Bf6 25.
Qxa3 Qa5 26. Qxa5 Rxa5 27. c3 $14) 22. Qe3 $2 {Areshchenko is trusting his own
initiative and underestimates the activity of his opponent.} (22. bxc3 gxh5 23.
Rhg1 Kh7 24. Be3 Rg8 $14) 22... Qb6 23. b3 gxh5 {Black is finding it hard to
make decisions as the position is too complicated. A possible improvement
might be exchanging pawns on b3.} (23... axb3 $5 24. cxb3 (24. Nxb3 Ra8 25. Rd3
gxh5 26. Rg1 Qa6 27. Kc1 Qxa2 28. Kd1 Ba4 $17) 24... gxh5 25. Bh6 Bf6 26. Rdg1+
Kh7 27. Rg2 Qa5 $15) 24. Bh6 Bf6 25. Bg5 Bg7 (25... axb3 26. Nxb3 Bxg5 27. Rdg1
Rb8 28. Rxg5+ Kf8 29. Rxc5 Qxc5 $11) 26. Bh6 Bf6 {Reeh: It may well be that
the move repetion is best here, but what White player would seriously consider
that in this position? Reeh: Es kann durchaus sein, dass die Zugwiederholung
hier das beste ist, aber welcher Weißspieler würde in dieser Stellung
ernsthaft daran denken?} 27. Rhg1+ Kh7 28. Qf4 axb3 29. axb3 Qa6 $2 {In highly
charged positions chess is often a tragedy of a single tempo. The queen on a6
is not controlling the square g1 and this will become Corrales' undoing.  Reeh:
'One single slip - and it's all over.' Reeh: 'Ein einziger Fehlgriff - und
alles ist vorbei.'} ({Before thinking about his own attack, Black should have
blocked the g-file: Bevor er an seinen eigenen Angriff denkt, hätte Schwarz
die g-Linie plombieren müssen:} 29... Bg4 $3 {Reeh} 30. fxg4 Ra8 {, and now it
is the white king who will be hunted down: , und nun ist es der weiße König,
dem es an den Kragen geht:} 31. Bf8 Rg5 $3 (31... Rxf8 $2 32. Nf5 {and White
wins. und Weiß siegt.}) 32. hxg5 Qa7 33. Qf5+ Kg8 $19) 30. Bg7 $1 Bxg7 (30...
Bg5 {(Reeh) doesn't help on account of hilft nicht wegen} 31. Qxf7 $1 ({
but not nicht aber} 31. Rxg5 $4 Ra8)) 31. Rxg7+ ({Not Nicht} 31. Qxf7 {Reeh}
Rg8 32. Nf5 Rxf5 33. exf5 Be8 {and Black holds. und Schwarz hält sich.}) 31...
Kxg7 32. Rg1+ Bg4 33. Ne6+ $1 {[%mdl 128] Reeh: 'The coup-de-grace.' Reeh:
'Der Gnadenstoß.'} ({Instead, victory would have been spoilt by Den Sieg
verschenkt hätte dagegen} 33. fxg4 $2 {(Reeh)} e6 {and the black king escapes
via f8. und der schwarze König entkommt über f8.}) 33... Kg6 (33... fxe6 {Reeh}
34. fxg4 {and there is no defence against 35.gxh5+ followed by mate. und es
gibt keine Verteidigung gegen 35.gxh5+ nebst Matt.}) 34. fxg4 f6 35. Nxc5 dxc5
36. g5 Qa3 37. gxf6+ Kf7 38. fxe7+ 1-0

[Event "Interpolis-03"]
[Site "Tilburg"]
[Date "1979.11.01"]
[Round "1"]
[White "Karpov, Anatoly"]
[Black "Sosonko, Gennadi"]
[Result "1-0"]
[WhiteElo "2705"]
[BlackElo "2535"]
[Annotator "Ftacnik,L"]
[PlyCount "59"]
[EventDate "1979.11.01"]
[EventType "tourn"]
[EventRounds "11"]
[EventCountry "NED"]
[EventCategory "15"]
[SourceTitle "MCL"]
[Source "ChessBase"]
[SourceDate "1999.07.01"]
[SourceVersion "1"]
[SourceVersionDate "1999.07.01"]
[SourceQuality "1"]

1. e4 c5 2. Nf3 d6 3. d4 cxd4 4. Nxd4 Nf6 5. Nc3 g6 6. Be3 Bg7 7. f3 Nc6 8. Qd2
O-O 9. Bc4 Bd7 10. h4 h5 11. O-O-O Ne5 12. Bb3 Rc8 13. Bg5 (13. Bh6 Bxh6 14.
Qxh6 Rxc3 $132) (13. g4 hxg4 14. h5) 13... Rc5 {Sosonko} 14. Rhe1 (14. f4 Nc4
15. Qd3 b5 16. e5 Ng4 17. Ne4 Rd5 18. Nxd6 Ncxe5 $1 $17 {Ljubojevic-Miles/Riga
izt/1979}) 14... b5 (14... Qa5 $5 15. Kb1 Re8 $1 (15... Rfc8 $6 16. Nd5 Qxd2
17. Rxd2 Nxd5 18. exd5 Nc4 19. Bxc4 Rxc4 20. Rxe7 $16) 16. f4 (16. a3 $5) (16.
Nde2 {/\ Nf4} Be6 $1 17. Nf4 Nc4 18. Bxc4 Bxc4 19. b3 $2 Bxb3 $19) (16. Nd5
Qxd2 17. Rxd2 Nxd5 18. exd5 Nc4 $1 $15) 16... Nc4 $1 (16... Nc6 17. e5 $1 dxe5
18. Bxf7+ $3 Kxf7 19. Nb3 Qb4 20. Nxc5 Qxc5 21. Bxf6 $18) (16... Neg4 17. e5 $1
$18) 17. Bxc4 Rxc4 18. Bxf6 $1 (18. Nb3 Qa6 19. e5 Ng4 (19... Nh7 $5) 20. exd6
(20. Nd5 dxe5 21. Nxe7+ Rxe7 22. Bxe7 Bf5 23. Rc1 exf4 $19) 20... Bxc3 21. bxc3
e6 $1 22. Be7 Rec8 $17) (18. e5 Nd5 $1) 18... Bxf6 19. Nd5 Qxd2 20. Nxf6+ exf6
21. Rxd2 f5 22. b3 Rc3 23. Rd3 Rxd3 24. cxd3 fxe4 25. dxe4 Bf5 26. Nxf5 gxf5 {
Beliavsky,A-Georgiev,Ki/Wijk/1985/}) 15. f4 (15. g4 hxg4 16. f4 Nc4 17. Bxc4
bxc4 18. e5 Qb6 19. Bxf6 Rb8 20. Qg2 exf6 21. e6 fxe6 22. Qxg4 e5 23. Qxd7
Qxb2+ 24. Kd2 exd4 25. Ne4 c3+ 26. Kd3 Qb5+ 27. Qxb5 $14 {Gruenfeld,Y-Partos,C/
Biel/1981/}) 15... Nc4 (15... b4 $6 16. Nd5 Nxd5 17. fxe5 $1 $16) (15... Neg4
16. e5 dxe5 (16... b4) (16... a5 17. e6 $1 {Gazik,I-Ferreiera/Groningen/
1979-80/}) 17. fxe5 b4 (17... Rxe5 18. Nc6 $1 $16 {Dubenko-Bobylev/corr/1987/})
(17... Nxe5 18. Rxe5 Rxe5 19. Nf3 Rc5 20. Bxf6 Bxf6 21. Ne4 Rc7 22. Nxf6+ exf6
23. Qh6 Qe7 24. Qxg6+ Kh8 25. Qh6+ Kg8 26. Qg6+ Kh8 27. Qh6+ $10 {
Scheidt-Ehrler/Ufr M I/1987/}) 18. Ne4 Nxe4 19. Rxe4 Bc8 20. Qxb4 Qc7 21. Bxe7
$1 $16 {Kveynis-Rand/Volgograd/1985/}) 16. Bxc4 (16. Qd3 Qb6 17. Bxf6 Bxf6 18.
Nd5 Rxd5 19. exd5 Bg4 {Levy-Findlay/Chicago/1983/}) 16... bxc4 (16... Rxc4 $5
17. e5 (17. Bxf6 $6 Bxf6 18. e5 Bg7 19. Ncxb5 Qb8 $17 {Nunn,J-Miles,A/London/
1980/}) 17... b4 (17... Ng4 $2 18. Nd5 $16) (17... Bg4 $6 18. Bxf6 exf6 19. e6
$1 Qa5 (19... b4 $1 $13 20. e7 (20. Ncb5 Qa5 21. e7 Re8 22. Nxd6 Qxa2 23. Qd3
Rxd4 24. Qxd4 Rxe7 25. Qc4 (25. Qxb4 $2 Bf8 $1) 25... Qxc4 $1 (25... Rxe1 26.
Rxe1 Qa1+ 27. Kd2 Qxb2 28. Qxf7+ Kh7 29. Nb5 {/\ 30.Re7 f5 31.Re6 +-}) 26. Nxc4
Rc7 27. Rd8+ Kh7 28. Nd6 Bh6 29. g3 g5 $13) 20... bxc3 21. Qd3 Qc8 22. exf8=Q+
Bxf8 23. f5 Bxd1 24. Rxd1 Qb7 25. Nb3 Qe4 26. Nd4 Bh6+ 27. Kb1 Qxd3 28. Rxd3
cxb2 29. Kxb2 Bf4 $17 {Popovych-Kudrin/New York/1981/}) 20. Nb3 $16) 18. exf6 (
18. Qd3 Rxd4 (18... Rxc3 $13 {Schmidt,A}) 19. Qxd4 bxc3 20. Bxf6 $6 Qb8 (20...
exf6 21. Qxd6 Qa5 22. Qxd7 Qxa2 23. bxc3 fxe5 $17 24. Rxe5 (24. fxe5 $2 Bh6+
$19) (24. Rd3 exf4 $17) (24. Re4 Qa3+ 25. Kd2 Qa5 26. Ke2 Qxc3 27. Qd3 {
Valeriani,D-Poli,G/corr/1989/}) 24... Bxe5 25. fxe5 Qa1+ 26. Kd2 Qa5 27. Qe7 $2
Rc8 28. Qb4 Rd8+ $1 {0-1/Fejgelson-Chernov/URS/1984/} 29. Ke2 Qxe5+) 21. bxc3
exf6 22. exf6 (22. Qxd6 $2 Be6 23. Qxb8 Rxb8 24. Kd2 fxe5 25. fxe5 Bh6+ {
0-1/Thoeng-Vanheirzele/Luik/1980/}) 22... Bh6 $17) 18... bxc3 (18... exf6 19.
Qd3 Rxd4 20. Qxd4 bxc3 21. Qxd6 fxg5 22. Qxd7 Qa5 (22... Qb6 $6 23. b3 $13) (
22... cxb2+ 23. Kb1 Qxd7 24. Rxd7 gxf4 25. a4 $13) (22... Qb8 23. b3 $14) 23.
Re8 $1 (23. Qd5 Qb4 24. Qb3 Qxf4+ 25. Kb1 Rb8 $19) 23... Qxa2 (23... Qb4 24.
Rxf8+ Bxf8 25. bxc3 Qxc3 $5 (25... Qxf4+ $13) 26. Qd4 $1 $14 Qa3+ 27. Kb1 $1
gxf4 28. Qxf4 (28. Rd3 Qe7 29. Qxf4 Qb7+ (29... Qe1+ 30. Qc1 Qxh4) (29... Bg7
$5) 30. Rb3 Qxg2 31. Rb8 $16) 28... Bg7 29. Qb8+ Kh7 30. Qb3 $14 {
Lukov-Savcenko,S/Katowice op/1990/}) 24. Rxf8+ Bxf8 25. bxc3 gxf4 26. Qe8 Qa3+
27. Kb1 Qxc3 28. Rd8 Qb4+ 29. Kc1 Qa3+ 30. Kb1 (30. Kd2 $5) 30... Qb4+ 31. Kc1
Qa3+ 32. Kb1 Qb4+ $10 {Rowley-Kudrin,S/Palo Alto/1981/}) 19. Qe2 (19. Qd3 Rxd4
(19... Qb6 $6 20. bxc3 Rxd4 21. Qxd4 Qxd4 22. Rxd4 exf6 23. Rxd6 Be6 24. f5)
20. Qxd4 (20. fxe7 $2 Qb6)) 19... Rxd4 (19... Qb6 20. bxc3 Rxd4 21. fxg7 Rxd1+
22. Qxd1 Re8 23. Bxe7 Qf2 24. Qd2 Qg3 25. Re2 Bg4 26. Re1 d5 27. Re5 d4 28. Bf6
Rb8 29. Qxd4 Qxg2 30. Re1 Bf5 31. Qa4 Kh7 32. Qb3 Rg8 33. Kb2 Qd2 34. Re7 Bxc2
35. Qb4 Bf5+ 36. Ka3 {Popovych-Fedorowicz,J/New York/1982/} Be6 $1 $19) (19...
cxb2+ 20. Kb1 exf6 21. Qxc4 fxg5 22. hxg5 Bg4 23. Rd3 d5 24. Qa4 Qc7 25. Qb5
Qxf4 26. Qxd5 Qf2 27. Rde3 $17 {Kanbegawa,M-Le Blancq,S/Dubai olm/1986/}) 20.
fxe7 Qa5 (20... Rxd1+ 21. Qxd1 Qb6 22. exf8=Q+ Bxf8 23. b3 d5 $13) (20... Qb6
21. exf8=Q+ Kxf8 22. Qe7+ Kg8 23. bxc3 Rc4 24. Rxd6 Qa5 25. Rxd7 $18 {
Canda-Vanheirzele/Luik/1980/}) 21. exf8=Q+ Kxf8 $13 (21... Kxf8 $44 22. Qe7+
Kg8 23. Rxd4 $1 {/\ 23.- Qa2 24.Qc3!} (23. Qd8+ Qxd8 24. Bxd8 cxb2+ 25. Kb1
Rxf4 26. Rxd6 Be6 27. Be7 Rf2 28. Rg1 Re2 29. Bg5 Be5 30. Rgd1 Rxg2 31. Rxe6
fxe6 32. Rd8+ $10 {Prikhoda-Todortsev/corr/1986/}) 23... Bxd4 24. Qd8+ $16))
17. Bxf6 $1 {After 45 minutes} (17. e5 Qb6 18. exf6 (18. Bxf6 Rb8 19. b3 exf6
20. e6 fxe6 21. Nxe6 Bxe6 22. Na4 cxb3 $1 23. Nxb6 bxa2 24. Kb2 Rxb6+ 25. Ka3
Ra6+ 26. Kb4 Rc4+ 27. Kb5 {Zuidema,C-Sosonko,G/NLD/1976/}) 18... Rb8 19. Ncb5
exf6 $40 {-+/Barczay-Sosonko/Hoogovens/1977}) 17... Bxf6 (17... exf6 18. Nf3
Rc6 19. e5 $16) (17... exf6 $5) 18. e5 Bg7 (18... Bxh4 19. Rh1 Bg3 (19... dxe5
20. Nf3 $18) 20. Ne4 $18) (18... dxe5 19. fxe5 (19. Nf3 $16 {Karpov} exf4 20.
Qxd7 Qa5 21. Rxe7 $16) 19... Rxe5 (19... Bxe5 20. Rxe5 Rxe5 21. Nf3 $16) 20.
Nf3 (20. Rxe5 $6 Bxe5 21. Nf3 Bd6 22. Qh6 Bf5 $17) 20... Rxe1 21. Nxe1 Qb6 22.
Qxd7 Rb8 23. Na4 Bxb2+ 24. Nxb2 Qxb2+ 25. Kd2 Qxa2 26. Qxe7 $18) 19. e6 $1 Bc8
(19... Bxd4 20. exf7+ Rxf7 21. Qxd4 Qf8 22. g3 $16 {><Black pawns}) 20. exf7+
Rxf7 21. Ne6 Bxe6 22. Rxe6 Qa5 23. Qe3 $1 (23. Rxg6 Kh7 24. Rg3 (24. Rxg7+ $5 {
With complications}) (24. Rg5 Bxc3 25. Qxc3 Qxc3 26. bxc3 $10) 24... Rff5 $36 (
24... Bh6)) 23... Bxc3 (23... Kh7 24. Qe4) (23... Bf6 $5) 24. bxc3 Qxa2 25.
Rxg6+ Kf8 (25... Kh7 26. Qe6 $18) 26. Qe4 $1 (26. Qxc5 Qa1+ 27. Kd2 Qxd1+ 28.
Kxd1 dxc5 29. g3 Rg7 $1 $10) 26... Qa6 27. Rd5 Rf6 (27... Qc6 $2 28. Rxc5 $1
$18) 28. Rxc5 Rxg6 (28... dxc5 29. Qa8+ Qc8 30. Qxc8+ Kf7 31. Qg8#) 29. Rxh5 d5
30. Rxd5 1-0